Welcome to CU Library Online Public Access Catalogue (OPAC)

Contract law / (Record no. 536)

MARC details
000 -LEADER
fixed length control field 00807nam a22001935i 4500
001 - CONTROL NUMBER
control field 20251176
005 - DATE AND TIME OF LATEST TRANSACTION
control field 20241101175610.0
008 - FIXED-LENGTH DATA ELEMENTS--GENERAL INFORMATION
fixed length control field 180105s2018 nyu 000 0 eng
020 ## - INTERNATIONAL STANDARD BOOK NUMBER
International Standard Book Number 9780230216716
050 ## - LIBRARY OF CONGRESS CALL NUMBER
Classification number KD1554
Item number .M39
100 1# - MAIN ENTRY--PERSONAL NAME
Personal name Ewan, McKendrick.
245 10 - TITLE STATEMENT
Title Contract law /
Statement of responsibility, etc. Ewan McKendrick. (LLB, BCL, MA Of Gray's Inn, Barrister, Herbert Smith Professor of English Private Law and Pro-Vice-Chancellor in the University of Oxford; Fellow of Lady Margaret Hall)
250 ## - EDITION STATEMENT
Edition statement Eighth Ed.
260 ## - PUBLICATION, DISTRIBUTION, ETC.
Place of publication, distribution, etc. New York
Name of publisher, distributor, etc. Palgrave Macmillan
Date of publication, distribution, etc. c2009
300 ## - PHYSICAL DESCRIPTION
Extent xl, 378 pages cm
Other physical details Index
Dimensions 24cm
500 ## - GENERAL NOTE
General note Contract Law. Palgrave macmillan law masters.
700 ## - ADDED ENTRY--PERSONAL NAME
Personal name Marise Cremona
Titles and other words associated with a name Professor of European Law. European University Institute , Florence, Italy
Relator term editor
942 ## - ADDED ENTRY ELEMENTS (KOHA)
Source of classification or shelving scheme Library of Congress Classification
Koha item type Books
Edition Eighth ed.
Suppress in OPAC No
999 ## -
-- 536
-- 536
Holdings
Withdrawn status Lost status Source of classification or shelving scheme Damaged status Not for loan Collection Home library Current library Shelving location Date acquired Total checkouts Full call number Barcode Date last seen Copy number Price effective from Koha item type
    Library of Congress Classification     Non-fiction Law Library (Miotso) Law Library (Miotso) General stacks 11/01/2024   KD1554.M39 MCK llm00000524 11/01/2024 1 11/01/2024 Books
© 2023-2024 Copyright: Central University Libraries. All Rights Reserved | Created by: Mahone Tech Office